Loading...
| Philosophy | 0 | 2 | 0 | 0 | 20 | 94 | 99.00 | 2 | 2 |
| Mythology | 0 | 2 | 0 | 0 | 20 | 95 | 113.50 | 1 | 2 |
| History - American History | 0 | 2 | 0 | 1 | 20 | 91 | 96.00 | 0 | 2 |
| Fine Arts - Visual Fine Arts | 0 | 2 | 0 | 0 | 20 | 98 | 98.50 | 0 | 2 |
| History - World History | 0 | 2 | 0 | 0 | 20 | 113 | 119.00 | 0 | 2 |
| Social Science | 1 | 0 | 0 | 0 | 15 | 67 | 67.00 | 1 | 1 |
| Literature - European Literature | 0 | 1 | 0 | 0 | 10 | 126 | 126.00 | 1 | 1 |
| History - Other History | 0 | 1 | 0 | 0 | 10 | 115 | 115.00 | 0 | 1 |
| Science - Biology | 0 | 1 | 0 | 0 | 10 | 104 | 104.00 | 1 | 1 |
| Science - Physics | 0 | 1 | 0 | 0 | 10 | 98 | 98.00 | 1 | 1 |
| Fine Arts - Other Fine Arts | 0 | 1 | 1 | 0 | 5 | 77 | 77.00 | 0 | 1 |
| Literature - British Literature | 0 | 0 | 1 | 0 | -5 | 0.00 | 0 | 0 | |
| Religion | 0 | 0 | 1 | 0 | -5 | 0.00 | 0 | 0 |